Score 0/20 Timer 03:00
0 Plays Today
% Correct
Of
94%
With
94%
To
93.5%
Around
93.4%
In
92.6%
From
90.4%
About
87.5%
Among
87%
As
85.8%
Without
85.7%
% Correct
Against
81.7%
On
79.6%
Through
78.9%
Inside
77%
Between
74.6%
For
68.2%
Under
61.7%
Across
52.4%
At
50.8%
Over
46.2%
Remove Ads.
Support Sporcle.
Get the best of Sporcle when you Go Orange. This ad-free experience offers more features, more stats, and more fun while also helping to support Sporcle. Thank you for becoming a member.

You're not logged in!

Compare scores with friends on all Sporcle quizzes.
OR
Log In

Show Comments

Extras

Top Quizzes Today


Score Distribution

Your Account Isn't Verified!

In order to create a playlist on Sporcle, you need to verify the email address you used during registration. Go to your Sporcle Settings to finish the process.

Report this User

Report this user for behavior that violates our Community Guidelines.

Details: